| 000 | 00345nam a2200121Ia 4500 | ||
|---|---|---|---|
| 008 | 220620s9999||||xx |||||||||||||| ||und|| | ||
| 245 | 0 | _aAlgae | |
| 546 | _aEnglish[eng] | ||
| 650 | _aPhycology, algae & lichens | ||
| 700 | _aKeung Wong, Yee | ||
| 856 | _uhttps://mts.intechopen.com/storage/books/6889/authors_book/authors_book.pdf | ||
| 942 | _cEB | ||
| 999 |
_c22709 _d22709 |
||